000 01257cam a2200385Ia 4500
001 50606
005 20230411090004.0
008 070330s2006 mx a bs 000 0 spa d
035 _a(OCoLC)ocn104624989
040 _aTPN
_cTPN
_dPL#
_dPIT
020 _a9703208053 (UNAM)
020 _a9789703208050 (UNAM)
020 _a9707772379
020 _a9789707772373
029 1 _aPL#
_b070011060
035 _a(OCoLC)104624989
043 _an-mx---
090 _aHC135
_bP46 2006
049 _aGRAL
100 1 _aPeña, Sergio de la.
245 1 0 _aDe la Revolución a la industrialización /
_cSergio de la Peña, Teresa Aguirre.
250 _a1a. ed.
260 _aMéxico :
_bUniveresidad Nacion Autónoma de México :
_bOceano,
_c2006.
300 _a543 p. :
_bill. ;
_c21 cm.
490 1 _aHistoria económica de México / coordinador Enrique Semo ;
_v4
504 _aIncludes bibliographical references (p. 507-543).
651 0 _aMéxico
_xEconomic conditions
_y20th century.
650 0 _aIndustrialization
_zMéxico.
700 1 _aAguirre, Teresa.
700 1 _aSemo, Enrique.
830 0 _aHistoria económica de México ;
_v4.
938 _aPuvill Libros
_bPUVL
_n9789703228904
_c$51.28
942 _2lcc
_cbk
994 _aC0
_bDRFGD
999 _c110480
_d110480